01116cam a22002771 4500001000800000005001700008008004100025010001700066040001800083042000900101043002100110050001900131082002500150245007900175260002900254300002500283500003400308504003900342520014100381650003800522651005100560651005100611942001200662999001700674952014700691216902420050907091856.0711013s1966 nyu | b 000 0 eng d a 66010471  aDLCcDLCdDLC alcac ae-ur---an-us---00aE183.8.R9bK5300a301.2947073bPAT22210aPatterns Of Competitive Coexistence;USA vs. USSR/cEdited by Young Hum Kim aNew York:bPutnam,c1966 axvi, 484 p.;c21 cm. aDonated by: Alaa Abdel Ghany  aIncludes bibliography: p. 481-484. aAmerican-Soviet relations covering a variety of topics discussed by scholars, politicians, and government specialists of both countries. 1aWorld politicsy1955-1965.910143 0aUnited StatesxRelationszSoviet Union.910144 0aSoviet UnionxRelationszUnited States.910145 2ddccBB c13080d13080 00102ddc40708 aMAINbMAINc1STd2010-01-03eDonationl0o301.2947073 PATp000019387r2025-07-15 00:00:00yBBzdonated by Alaa AbdelGhaney